| 000 | 00356nam a2200133Ia 4500 | ||
|---|---|---|---|
| 008 | 210716s2016 xx 000 0 und d | ||
| 041 | _aeng | ||
| 082 | _a005.3068 MARR | ||
| 100 | _aMartinelli, Russ J;Milosevic, Dragan Z. | ||
| 245 | _aProject management toolbox. | ||
| 250 | _a2 | ||
| 260 |
_aNew Delhi _bWiley India Pvt Ltd _c2016 |
||
| 300 | _axvii,459 | ||
| 999 |
_c209969 _d209969 |
||